Devinez le parcours de ces joueurs de foot N°12 - Statistiques

Statistiques générales
  • Ce quiz a été pris 1 662 fois
  • Le résultat moyen est 7 sur 10
Statistiques - réponses
Par images Réponse % Correct
Rabiot
89%
Maignan
88%
Dzeko
83%
Kimpembe
81%
Turan
70%
Eto'o
59%
Ramsdale
57%
Gnabry
48%
Trezeguet
44%
Savic
43%
Aucun quiz correspondant
Distribution des résultats
% des personnes avec chaque résultat
Percentile par nombre de réponses
Votre historique - résultats
Vous n’avez pas pris ce quiz